Europe Capital to Country - Statistics

General Stats
  • This quiz has been taken 1,368 times
    1,364 since last reset
  • The average score is 42 of 48
Answer Stats
Hint Answer % Correct
Brussels Belgium
97%
Paris France
97%
Berlin Germany
97%
Athens Greece
95%
London United Kingdom
95%
Oslo Norway
94%
Kiev Ukraine
94%
Dublin Ireland
93%
Luxembourg Luxembourg
93%
Monaco Monaco
93%
Amsterdam/The Hague* Netherlands
93%
Moscow Russia
93%
Vatican City Vatican City
93%
Andorra La Vella Andorra
92%
Vienna Austria
92%
Budapest Hungary
92%
Rome Italy
92%
Madrid Spain
92%
Minsk Belarus
91%
Helsinki Finland
91%
Lisbon Portugal
91%
Stockholm Sweden
91%
Copenhagen Denmark
90%
Bern Switzerland
90%
San Marino San Marino
89%
Prague Czech Republic
88%
Reykjavík Iceland
88%
Warsaw Poland
88%
Sarajevo Bosnia and Herzegovina
87%
Ankara Turkey
87%
Belgrade Serbia
86%
Bucharest Romania
85%
Sofia Bulgaria
84%
Zagreb Croatia
83%
Bratislava Slovakia
83%
Tallinn Estonia
81%
Riga Latvia
81%
Vilnius Lithuania
78%
Skopje Macedonia
78%
Valetta Malta
78%
Nicosia Cyprus
77%
Podgorica Montenegro
77%
Ljubljana Slovenia
77%
Tirana Albania
76%
Chisinau Moldova
73%
Tbilisi / Kutaisi* Georgia
70%
Vaduz Liechtenstein
64%
Yerevan Armenia
63%
No matching quizzes found
Score Distribution
Percent of People with Each Score
Percentile by Number Answered
Your Score History
You have not taken this quiz since the last reset